KOHA-Header-6

Intikhab-e-kalam Meera Jee (Record no. 9684)

000 -LEADER
fixed length control field 00263nam a2200109Ia 4500
100 ## - MAIN ENTRY--AUTHOR NAME
Personal name Asif Firkhi
245 #0 - TITLE STATEMENT
Title Intikhab-e-kalam Meera Jee
260 ## - PUBLICATION, DISTRIBUTION, ETC. (IMPRINT)
Place of publication United Kingdom
Name of publisher Oxford
Year of publication 2015
300 ## - PHYSICAL DESCRIPTION
Number of Pages 384
942 ## - ADDED ENTRY ELEMENTS (KOHA)
Koha item type Books
Holdings
Withdrawn status Lost status Collection code Permanent Location Current Location Shelving location Date acquired Full call number Accession Number Koha item type
    Urdu Literature MAJU MAJU   2019-09-14 910.4 5589 Urdu Literature

Powered by Koha